000 00913nmm a2200289 a 4500
001 ocm000652837
003 TR-IsHL
005 20201028124802.0
008 130902s1998 tu tur
007 cr cn
020 _a9789754824117
035 _a652837
_b(N$T)
050 0 4 _aQK95
_b.T36 1998
090 0 4 _aQK95
_b.T36 1998
100 1 _aTanker, Nevin
245 1 0 _aFarmasötik botanik 1998
_h[electronic resource] /
_cNevin Tanker ; Mehmet Koyuncu, Coşkun Maksut
260 _aAnkara :
_bAnkara Üniversitesi Eczacılık Fakültesi,
_c1998
300 _a418 p.
650 4 _aTıp
650 4 _aMedicine
650 0 _aBitkiler
_x Sistematik
650 0 _aPlants
_x Systematic
650 7 _aNATURE / Plants / General
_2bisacsh
700 1 _aKoyuncu, Mehmet
700 1 _aMaksut, Coşkun
856 4 0 _uhttp://search.ebscohost.com/login.aspx?direct=true&scope=site&db=e011xww&AN=652837
999 _c3136
_d3136